| 000 | 01120nam a2200265 i 4500 | ||
|---|---|---|---|
| 001 | 141636 | ||
| 003 | ES-MaACL | ||
| 005 | 20250902072451.0 | ||
| 007 | t| | ||
| 008 | 070926s1985 sp ||||1| spa d | ||
| 080 | _a336.223:351.713(46)"19"(094.5) | ||
| 100 | 1 |
_aVillota Ruiz, José Enrique de. _9115283 |
|
| 245 | 1 | 0 |
_aEstudio del I.G.T.E. y de los impuestos especiales para actividades económicas con las tarifas de licencia fiscal del impuesto industrial / _cJosé Enrique de Villota Ruiz, Antonio Jóse Ubeda Lafuente, José Elgarresta Ramírez de Haro ; prólogo de Leopoldo López-Aranda y Domingo. |
| 250 | _a[1ª ed.]. | ||
| 260 |
_aMadrid : _bCivitas, _c1985. |
||
| 300 |
_a766 p. ; _c20 cm. |
||
| 490 | 1 | _aFormularios y manuales prácticos | |
| 650 | 1 | 7 |
_aImpuesto sobre el tráfico de empresas _2embne _913625 |
| 700 | 1 |
_aÚbeda Lafuente, Antonio José. _9111829 |
|
| 700 | 1 |
_aElgarresta Ramírez de Haro, José. _946940 |
|
| 700 | 1 |
_aLópez-Aranda y Domingo, Leopoldo. _973409 |
|
| 830 | 0 |
_aFormularios y manuales prácticos _9187243 |
|
| 852 |
_aES-MaACL _jL-7151 |
||
| 999 |
_c141636 _d141636 |
||